| 000 | 00507nam a2200193Ia 4500 | ||
|---|---|---|---|
| 008 | 220531s9999 xx 000 0 und d | ||
| 041 | _aeng | ||
| 082 |
_a- _bGUG |
||
| 100 |
_aGugale, G. S. And Others _969257 |
||
| 245 | _aOrganic And Inorganic Chemistry (sem-iii, Paper-4) | ||
| 250 | _a1ST | ||
| 260 |
_aPune _bNirali _c2014 |
||
| 300 | _a7.16 | ||
| 542 | _d19-11-2014 | ||
| 551 |
_aScience _bNon-grant-SCI |
||
| 650 |
_aChemistry _969258 |
||
| 906 |
_d2014-2015 _f2852 |
||
| 999 |
_c38860 _d38860 |
||